Minor Greek Deity Groups - Statistics

General Stats
  • This quiz has been taken 5 times
  • The average score is 8 of 15
Answer Stats
Muses Muse % Correct
The Spinner Clotho
80%
Endless Anger Alecto
60%
Muse of Epic Poetry Calliope
60%
Muse of History Clio
60%
Jealous Rage Megaera
60%
Muse of Tragedy Melpomene
60%
Muse of Light Verse & Comedy Thalia
60%
Vengeful Destruction Tisiphone
60%
Muse of Astronomy & Astrology Urania
60%
The Inflexible Atropos
40%
Muse of Lyrical Choral Poetry Erato
40%
Muse of the Flute Euterpe
40%
The Allotter Lachesis
40%
Muse of Hymn and Mime Polyhymnia
40%
Muse of Chorus & Dance Terpsichore
40%
No matching quizzes found
Score Distribution
Percent of People with Each Score
Percentile by Number Answered
Your Score History
You have not taken this quiz